000
00242 a2200109 4500
001
8932
082
_a
390.62 LAN
090
_c
7121
_d
7121
100
_a
Lane, E.W
245
_a
Manners & Customs of the Modern Egyptions
_h
English
260
_b
Dent
_a
1954
942
_a
NUST-CAE
999
_c
244005
_d
244005